02353 2200289 4500001002100000005001500021035002000036007000300056008004100059020001800100082001000118084001400128100002300142245008900165250002000254300003800274505150000312600001401812600002501826740007601851264003001927336002101957337003001978338002302008990001602031990001602047INLIS00000000000002120260409024508 a0010-0426000020ta260409 g 0 ind  a9789792938630 a006.7 a006.7 MAH0 aMADCOMSePengarang1 aMahir dalam 7 hari adobe dreamweaver CS6 : dengan pemrograman PHP & MySQL /cMADCOMS acetakan pertama a278 halaman :bilustrasi ;c23 cm aMahir Dalam 7 Hari: Adobe Dreamweaver CS5 Dengan Pemrograman PHP & MySQL Buku ini adalah solusi bagi Anda yang ingin belajar cepat dengan hasil yang tepat. Metode belajar BACA ? COBA ? BISA merupakan suatu metode yang sangat cocok bagi Anda yang ingin belajar cepat dalam 7 hari. Untuk hasil optimal, Anda minimal hanya membutuhkan waktu 1 jam dalam 1 hari untuk mempelajari setiap pokok bahasannya. Pokok bahasan yang akan mengantar Anda mahir dalam menguasai program Adobe Dreamweaver CS5 ini meliputi : Hari ke-1 : Mengenal pekerjaan dasar Dreamweaver CS5, alur kerja, komponen ruang kerja, mengenal dan mengolah site, serta mengolah dokumen halaman web. Hari ke-2 : Bagaimana mengelola halaman web, mengatur properti halaman, mengolah isi halaman, mengolah teks, mengolah gambar, dan mengatur penggunaan browser. Hari ke-3 : Bagaimana membangun layout halaman web menggunakan HTML, CSS, dan Div Tag. Hari ke-4 : Bagaimana bekerja dengan link, media, behavior dan efek. Hari ke-5 : Bagaimana membangun sebuah form dan objek-objek di dalamnya, membuat objek spry, membuat Spry Menu Bar dan pengolahannya. Hari ke-6 : Mengenal apa dan bagaimana pemrogarman PHP dan Database MySQL, mengenal operator, fungsi tipe data, serta bagaimana membuat database dan tabel menggunakan script PHP maupun menggunakan jendela phpMyAdmin. Hari ke-7 : Bagaimana mengolah database menggunakan jendela phpMyAdmin, menggunakan fungsi-fungsi pengolahan tabel, serta membuat aplikasi include, tanggal, dan buku tamu. 4aSitus Web 4aPemrograman Komputer aMahir dalam 7 hari adobe dreamweaver CS6 dengan pemrograman PHP & MySQL aYogyakarta :bANDI,c2013 2rdacontentateks 2rdamediaatanpa perantara 2rdacarrieravolume aPP000042/19 aPP000043/19